Nghiên cứu nhân giống cây ba kích bằng kỹ thuật nuôi cấy invitro

محفوظ في:
التفاصيل البيبلوغرافية
المؤلف الرئيسي: Võ Châu Tuấn ThS. (Chủ nhiệm đề tài)
التنسيق: كتاب
منشور في: 2010
الوسوم: إضافة وسم
لا توجد وسوم, كن أول من يضع وسما على هذه التسجيلة!
Thư viện lưu trữ: Mạng thư viện Đại học Đà Nẵng
LEADER 00705nam a2200229 4500
001 000020548
003 16994
005 20150323080307.0
008 150323s2010 sd
100 1 |a Võ Châu Tuấn  |c ThS.  |e Chủ nhiệm đề tài 
245 1 0 |a Nghiên cứu nhân giống cây ba kích bằng kỹ thuật nuôi cấy invitro  |c Võ Châu Tuấn 
260 |c 2010 
500 |a Đề tài NCKH cấp Bộ . Mã số : B2010-03-47 
OWN |a LSP 
999 |a From the UDN01 
TYP |a Mixed Materials 
TYP |a Monograph 
TYP |a Printed language 
980 |a Mạng thư viện Đại học Đà Nẵng